A Comprehensive History of India, Vol.-5, The Delhi Sultanat (A.D. 1206-1526) / (Record no. 22773)

MARC details
000 -LEADER
fixed length control field 00621nam a22001937a 4500
003 - CONTROL NUMBER IDENTIFIER
control field BDDh-ASL
005 - DATE AND TIME OF LATEST TRANSACTION
control field 20231015030146.0
008 - FIXED-LENGTH DATA ELEMENTS--GENERAL INFORMATION
fixed length control field 210306s1970 ii ||||| |||| 00| 0 eng d
040 ## - CATALOGING SOURCE
Original cataloging agency BDDh-ASL
Transcribing agency BDDh-ASL
082 ## - DEWEY DECIMAL CLASSIFICATION NUMBER
Classification number 954
Item number COM
245 02 - TITLE STATEMENT
Title A Comprehensive History of India, Vol.-5, The Delhi Sultanat (A.D. 1206-1526) /
260 ## - PUBLICATION, DISTRIBUTION, ETC.
Place of publication, distribution, etc. Delhi:
Name of publisher, distributor, etc. People's Publishing House,
Date of publication, distribution, etc. 1970.
300 ## - PHYSICAL DESCRIPTION
Extent 1273 p. :
Dimensions 24 cm.
504 ## - BIBLIOGRAPHY, ETC. NOTE
Bibliography, etc. note Includes bibliographical references and index.
650 #0 - SUBJECT ADDED ENTRY--TOPICAL TERM
9 (RLIN) 3290
Topical term or geographic name entry element History of India
700 1# - ADDED ENTRY--PERSONAL NAME
9 (RLIN) 3323
Personal name Habib, Mohammad
700 1# - ADDED ENTRY--PERSONAL NAME
9 (RLIN) 3324
Personal name Nizami, Khaliq Ahmad
942 ## - ADDED ENTRY ELEMENTS (KOHA)
Source of classification or shelving scheme Dewey Decimal Classification
Koha item type Books
Holdings
Withdrawn status Lost status Source of classification or shelving scheme Damaged status Not for loan Collection code Home library Current library Shelving location Date acquired Source of acquisition Serial Enumeration / chronology Total Checkouts Full call number Barcode Date last seen Copy number Price effective from Koha item type Public note
    Dewey Decimal Classification Damaged Not For Loan Non-fiction Asiatic Society Library Asiatic Society Library General Stacks 03/06/2021 ASB Library Collections V-5   954 COM 107078 03/06/2021 C-1 03/06/2021 Books RARE

Powered by Koha